<?xml version="1.0" encoding="UTF-8"?>
<marc:record xmlns:marc="http://www.loc.gov/MARC21/slim">
   <marc:leader>00000nam a2200000 a 4500</marc:leader>
   <marc:datafield ind1="1" ind2=" " tag="100">
      <marc:subfield code="a">Kalwitzki, Sabine</marc:subfield>
      <marc:subfield code="4">aut</marc:subfield>
      <marc:subfield code="e">Verfasser/-in</marc:subfield>
   </marc:datafield>
   <marc:datafield ind1=" " ind2=" " tag="653">
      <marc:subfield code="a">Lesebeginn</marc:subfield>
   </marc:datafield>
   <marc:datafield ind1="0" ind2="0" tag="245">
      <marc:subfield code="a">Mit Mimi auf heißer Spur</marc:subfield>
   </marc:datafield>
   <marc:datafield ind1="0" ind2="0" tag="245">
      <marc:subfield code="b">Eine Detektivgeschichte zum Mitraten</marc:subfield>
   </marc:datafield>
   <marc:datafield ind1=" " ind2="1" tag="264">
      <marc:subfield code="b">Arena</marc:subfield>
      <marc:subfield code="c">2000</marc:subfield>
   </marc:datafield>
   <marc:datafield ind1="1" ind2=" " tag="520">
      <marc:subfield code="a">Während der Ferien in einer unheimlichen Villa an der Nordseeküste versuchen Kinder unter den eigenartigen Gästen zu ermitteln, wer die wertvolle Kaminuhr gestohlen hat. Während die Polizei im Dunkeln tappt, schmieden die Kinder Pläne zur Überführung des Diebes.
Rezension: In Spökenbüttel an der Nordsee ist doch mehr los, als "Krimi-Mimi" und ihr 10-jähriger Bruder Nico erwartet haben. Und so werden die Ferien in der großen, unheimlichen "Grusel-Villa" zum Spionage-Abenteuer. Wer von den eigenartig und irgendwie verdächtigen Gästen des Hauses hat die wertvolle Kaminuhr gestohlen? Agathe von Rabenstein, Fräulein Leonie oder Herr Waldeck, der schauspielernde Bewohner des Turmzimmers? Während die Polizei im Dunkeln tappt, schmieden die Kinder Pläne zur Überführung des Diebes. Doch Pit war es gar nicht! Vielleicht aber das saubere Fräulein Leonie, das zur Tatzeit angeblich im Kino war? Mit einem präparierten Fünfzigmarkschein lockt Mimi sie in die Falle. Während der Leser durch gelegentliches Mitraten auf der rechten Spur ist, kann sich der Kommissar zum Schluss wundern.[Verlagstext]</marc:subfield>
   </marc:datafield>
   <marc:datafield ind1=" " ind2=" " tag="020">
      <marc:subfield code="a">9783401078670</marc:subfield>
      <marc:subfield code="9">9783401078670</marc:subfield>
   </marc:datafield>
</marc:record>
